Problémy flexibility trhu práce v podmienkach znalostnej ekonomiky

Nové javy na trhu práce v podmienkach znalostnej ekonomiky. Flexiblilita práce. Stručná analýza dopadov jednotlivých foriem flexibility trhu práce. Mzdová flexibilita. Externá kvantitatívna flexibilita. Externalizácia. Interná kvantitatívna flexibilita. Funkčná flexibilita.

Salvato in:
Dettagli Bibliografici
Autore principale: Přívarová, Magdaléna, 1955-
Natura: Capitolo di libro
Lingua:slovacco
Soggetti:
Tags: Aggiungi Tag
Nessun Tag, puoi essere il primo ad aggiungerne!!

MARC

LEADER 00000nla$a2200000$$$4500
001 0053560
005 20240502071624.2
041 0 |a slo 
044 |a SK 
245 1 0 |a Problémy flexibility trhu práce v podmienkach znalostnej ekonomiky  |c Magdaléna Přívarová 
520 |a Nové javy na trhu práce v podmienkach znalostnej ekonomiky. Flexiblilita práce. Stručná analýza dopadov jednotlivých foriem flexibility trhu práce. Mzdová flexibilita. Externá kvantitatívna flexibilita. Externalizácia. Interná kvantitatívna flexibilita. Funkčná flexibilita. 
610 2 0 |a ekonomika vedomostná 
610 2 0 |a lízing personálny 
610 2 0 |a zdroje ľudské 
610 2 0 |a trh práce 
610 2 0 |a odmeňovanie 
610 2 0 |a flexibilita 
100 1 |a Přívarová, Magdaléna, 1955-